|
|
|
|
| LEADER |
00000cam a2200000 7i4500 |
| 001 |
0000000383 |
| 008 |
021118s1993 |
| 020 |
|
|
|a 9836236570
|
| 090 |
0 |
0 |
|a HN700.6.A8
|b S32 1993
|
| 110 |
0 |
|
|a Shamsul Amri Baharuddin
|d 1951-
|e author
|
| 245 |
0 |
0 |
|a Masyarakat Malaysia dan alam sosialnya
|c Shamsul Amri Baharuddin
|
| 260 |
2 |
|
|a Kuala Lumpur
|b Dewan Bahasa dan Pustaka
|c 1993
|
| 300 |
|
|
|a xvi, 148 ms. ;
|c 22 sm.
|
| 650 |
|
0 |
|a Economic forecasting
|z Malaysia
|
| 650 |
|
0 |
|a Social prediction
|z Malaysia
|
| 651 |
|
0 |
|a Malaysia
|x Economic conditions
|
| 651 |
|
0 |
|a Malaysia
|x Politics and government
|
| 651 |
|
0 |
|a Malaysia
|x Social conditions
|
| 999 |
|
|
|a 1000023228
|b Book
|c OPEN SHELF (30 DAYS)
|e Gong Badak Campus
|
| 999 |
|
|
|a 1000023229
|b Book
|c OPEN SHELF (30 DAYS)
|e Gong Badak Campus
|
| 999 |
|
|
|a 1000056491
|b Book
|c OPEN SHELF (30 DAYS)
|e Gong Badak Campus
|
| 999 |
|
|
|a 1000057962
|b Book
|c OPEN SHELF (30 DAYS)
|e Gong Badak Campus
|